The bones of Paris #2/ Laurie R. King.
Available copies
- 2 of 2 copies available at LARL/NWRL Consortium.
- 1 of 1 copy available at Lake Agassiz Regional Library. (Show preferred library)
Current holds
0 current holds with 2 total copies.
Show Only Available Copies
| Location | Call Number / Copy Notes | Barcode | Shelving Location | Status | Due Date |
|---|---|---|---|---|---|
| Moorhead Public Library | KIN (Text) | 33500011562568 | Main | Available | - |
| Hallock Public Library | KIN (Text) | 35500005228117 | Main | Available | - |
Record details
- ISBN: 9780345531766
- ISBN: 0345531760
- Physical Description: pages cm
- Edition: First Edition.
- Publisher: New York : Bantam Books, 2013.
Content descriptions
| Summary, etc.: | Paris, France: September 1929. Private ... Read More |
Search for related items by subject
| Subject: | Paris (France) > Fiction. |
| Genre: | Suspense fiction. |
Search for related items by series
| LDR | 01677cam a22004338i 4500 | ||
|---|---|---|---|
| 001 | 155783 | ||
| 003 | LARL_NWRL_CONSORTIUM | ||
| 005 | 20130820154728.0 | ||
| 008 | 130409s2013 nyu 000 1 eng | ||
| 010 | . | ‡a2013010332 | |
| 020 | . | ‡a9780345531766 | |
| 020 | . | ‡a0345531760 | |
| 020 | . | ‡z9780345531773 (ebook) | |
| 035 | . | ‡a(OCoLC)838198000 | |
| 040 | . | ‡aDLC ‡beng ‡erda ‡cDLC ‡dOCLCO ‡dUPZ | |
| 042 | . | ‡apcc | |
| 043 | . | ‡ae-fr--- | |
| 050 | 0 | 0. | ‡aPS3561.I4813 ‡bB66 2013 |
| 082 | 0 | 0. | ‡a813/.54 ‡223 |
| 100 | 1 | . | ‡aKing, Laurie R. ‡0(LARL_NWRL_CONSORTIUM)109563 |
| 245 | 1 | 4. | ‡aThe bones of Paris ‡n#2/ ‡cLaurie R. King. |
| 250 | . | ‡aFirst Edition. | |
| 260 | . | ‡aNew York : ‡bBantam Books, ‡c2013. | |
| 300 | . | ‡apages cm | |
| 336 | . | ‡atext ‡2rdacontent | |
| 337 | . | ‡aunmediated ‡2rdamedia | |
| 338 | . | ‡avolume ‡2rdacarrier | |
| 490 | 0 | . | ‡aTouchstone; ‡v2 |
| 520 | . | ‡aParis, France: September 1929. Private investigator Harris Stuyvesant, on the hunt for a missing twenty-two year old woman from Boston, must descend into the darkest depths of perversion to find a killer hiding in the Theatre du Grand-Guignol in Montmartre. | |
| 651 | 0. | ‡aParis (France) ‡vFiction. ‡0(LARL_NWRL_CONSORTIUM)166700 | |
| 655 | 7. | ‡aSuspense fiction. ‡2gsafd | |
| 948 | . | ‡hNO HOLDINGS IN LAL - 56 OTHER HOLDINGS | |
| 994 | . | ‡aZ0 ‡bLAL | |
| 901 | . | ‡a155783 ‡bOCLC ‡c155783 ‡tbiblio | |

Add to basket
Permalink
Disable Highlighting